书目信息 |
| 题名: |
网罗城镇:未来城市的想象力
|
|
| 作者: | 卜希霆,王青亦等著 | |
| 分册: | ||
| 出版信息: | 北京 知识产权出版社 2016 |
|
| 页数: | 264页 | |
| 开本: | 24cm | |
| 丛书名: | “互联网+”与文化发展研究系列丛书 | |
| 单 册: | ||
| 中图分类: | F062.5 | |
| 科图分类: | ||
| 主题词: | 网络经济--研究 | |
| 电子资源: | ||
| ISBN: | 978-7-5130-3919-2 | |
| 000 | 00961nam0 2200229 450 | |
| 001 | 2762 | |
| 005 | 20161205144753.93 | |
| 010 | @a978-7-5130-3919-2@dCNY45.00 | |
| 100 | @a20160613d2016 em y0chiy50 ea | |
| 101 | 0 | @achi |
| 102 | @aCN@b110000 | |
| 105 | @ay z 000yy | |
| 200 | 1 | @a网罗城镇:未来城市的想象力@f卜希霆,王青亦等著 |
| 210 | @a北京@c知识产权出版社@d2016 | |
| 215 | @a264页@d24cm | |
| 225 | 1 | @a“互联网+”与文化发展研究系列丛书 |
| 300 | @a国家出版基金项目 文化部“十三五”时期文化改革发展规划重大课题 | |
| 330 | @a传统集市+互联网创造了淘宝,传统百货卖场+互联网产生了京东,传统银行+互联网有了支付宝,传统交通+互联网出现了滴滴,互联网让生活变得更加便捷、更加美好。城市发生了颠覆式的发展,可持续人文经济、大数据时代下的城市规划、城市建设与城市治理、“电商村”、“智慧城市”,均离不开“互联网+”思维。 | |
| 606 | 0 | @a网络经济@x研究 |
| 690 | @aF062.5@v5 | |
| 801 | 0 | @aCN@b大连网信软件有限公司图书馆·11@c20161205 |
| 905 | @aZUCC@dF062.5@e147 | |
| 网罗城镇:未来城市的想象力/卜希霆,王青亦等著.-北京:知识产权出版社,2016 |
| 264页;24cm.-(“互联网+”与文化发展研究系列丛书) |
| 国家出版基金项目 文化部“十三五”时期文化改革发展规划重大课题 |
| ISBN 978-7-5130-3919-2:CNY45.00 |
| 传统集市+互联网创造了淘宝,传统百货卖场+互联网产生了京东,传统银行+互联网有了支付宝,传统交通+互联网出现了滴滴,互联网让生活变得更加便捷、更加美好。城市发生了颠覆式的发展,可持续人文经济、大数据时代下的城市规划、城市建设与城市治理、“电商村”、“智慧城市”,均离不开“互联网+”思维。 |
| ● |
| 相关链接 |
|
|
|
|
正题名:网罗城镇:未来城市的想象力
索取号:F062.5/147
 
预约/预借
| 序号 | 登录号 | 条形码 | 馆藏地/架位号 | 状态 | 备注 |
| 1 | 911419 | 209114199 | 第一样本阅览室/ [索取号:F062.5/147] | 在馆 | |
| 2 | 911420 | 209114206 | 第一借阅区/ [索取号:F062.5/147] | 在馆 | |
| 3 | 911421 | 209114215 | 第一借阅区/ [索取号:F062.5/147] | 在馆 | |
| 4 | 911422 | 209114224 | 第一借阅区/ [索取号:F062.5/147] | 在馆 | |
| 5 | 911423 | 209114233 | 第一借阅区/ [索取号:F062.5/147] | 在馆 |